Statistics for Top 100 largest land masses

Click here to take the quiz!

General Stats

  • This quiz has been taken 356 times
    (312 since last reset)
  • The average score is 35 of 100

Answer Stats

Square MIAnswer% Correct
17139445Asia
96%
11677239Africa
95%
44035North Island
95%
2967909Australia
94%
3997929Europe
94%
58200South Island
94%
6880706South America
91%
9361791North America
90%
822700Greenland
89%
226650Madagascar
86%
40343Cuba
83%
32589Ireland
81%
5500000Antarctica
79%
25200Sri Lanka
79%
39702Iceland
78%
83698Great Britain
77%
48900Java
77%
280100Borneo
76%
309000Papua
74%
87805Honshu
72%
3572Cyprus
71%
9830Sicily
70%
13823Taiwan
69%
4244Jamaica
68%
164000Sumatra
67%
28840Hispaniola
65%
30144Hokkaido
65%
9194Sardinia
64%
195928Baffin
62%
3551Corsica
62%
3190Crete
58%
23412Tasmania
57%
40419Luzon
54%
67400Sulawesi
48%
4021Hawaii (main island)
47%
42031Newfoundland
47%
83896Victoria
47%
14114Kyushu
46%
75767Ellesmere
44%
3435Puerto Rico
40%
36537Mindanao
39%
12079Vancouver Island
37%
29500Sakhalin
36%
4011Viti Levu (Fiji)
36%
7251Shikoku
33%
12962Hainan
32%
11883Timor
32%
15075Svalbard
30%
27038Banks Island
24%
5520Flores
21%
18530Tierra del Fuego
21%
6467New Caledonia
18%
4550Palawan
17%
4905Negros
16%
14098New Britain
16%
3588Kodiak Island
14%
21331Devon Island
13%
2785Leyte
13%
12872Prince of Wales Land
13%
4448Panay
12%
16671Axel Heiburg
10%
4306Sumba
10%
6865Halmahera
9%
3344New Ireland
9%
3759Mindoro
8%
18882Severny
8%
15913Southampton Island
8%
5965Sumbawa
8%
3880Bougainville
7%
6119Prince Patrick Island
7%
5050Samar
7%
3066Anticosti
6%
4375Bangka
6%
4368Bolshevik Island
6%
3981Cape Breton Island
6%
16274Melville Island
6%
3676Prince Charles Island
6%
9570Somerset Island
6%
5062King William Island
5%
15500Marajo
5%
16700Alexander Island
4%
6194Bathurst Island
4%
3670Buru
4%
7720Bananal
3%
3241Chiloe
3%
4361Ellef Ringnes Island
3%
4500Yos Sudarso
3%
4273Bylot Island
2%
6621Ceram
2%
3477Komsomolets
2%
6434Kotelny
2%
5486Nordaustlandet
2%
3300Carney Island
1%
3312Disko
1%
2900Roosevelt Island
1%
6050Thurston Island
1%
12848Nuzhny
0%
5471Oktyabrskoy
0%
4550Tupinambarama
0%
3030Vrangalya
0%

Score Distribution

Percentile by Number Answered

Percent of People with Each Score

Your Score History

You have not taken this quiz since the last reset